000 00921 a2200253 4500
999 _c200421727
_d38854
001 200421727
003 TR-AnTOB
005 20230712001144.0
008 150401s tu 000 0
040 _aTR-AnTOB
_btur
_erda
_cTR-AnTOB
041 0 _atur
050 0 0 _aDR592.K4
_bA83 2005
090 _aDR592 .K4.A83 2005
245 1 0 _aAtatürk dergisi :
_bProf Dr Enver Konukçu Özel Sayısı /
_cAtatürk Üniversitesi Atatürk İlkeleri ve İnkılap Tarihi Enstitüsü Müdürlüğü.
264 _aErzurum:
_bAtatürk Üniversitesi Atatürk İlkeleri ve İnkilap Tarihi Enstitüsü Müdürlüğü,
_c2012.
300 _a149 sayfa;
_c24 cm.
336 _atext
_2rdacontent
_btxt
337 _aunmediated
_2rdamedia
_bn
338 _avolume
_2rdacarrier
_bnc
651 0 0 _aTurkey
_xPolitics and government
_y1918-1960
_999522
651 0 _aTürkiye
_xSiyaset ve yönetim
_y1918-1960
_986916
942 _cBK
_2lcc